पुस्तकालय विज्ञान / (Record no. 121224)

MARC details
000 -LEADER
fixed length control field 01068nam a22002537a 4500
005 - DATE AND TIME OF LATEST TRANSACTION
control field 20170124103209.0
010 ## - LIBRARY OF CONGRESS CONTROL NUMBER
LC control number A-771671
020 ## - INTERNATIONAL STANDARD BOOK NUMBER
Terms of availability 100.00
035 ## - SYSTEM CONTROL NUMBER
System control number A-771671
037 ## - SOURCE OF ACQUISITION
Source of stock number/acquisition Cen Lib/Ret
040 ## - CATALOGING SOURCE
Original cataloging agency DPL
Language of cataloging HN
082 ## - DEWEY DECIMAL CLASSIFICATION NUMBER
Classification number 020
Item number द्वारका
100 ## - MAIN ENTRY--PERSONAL NAME
Personal name द्वारका प्रसाद शास्त्री
9 (RLIN) 95760
245 ## - TITLE STATEMENT
Title पुस्तकालय विज्ञान /
Statement of responsibility, etc द्वारका प्रसाद शास्त्री
246 ## - VARYING FORM OF TITLE
Title proper/short title Pustkaly vigyan
Remainder of title by Dwarka Prasad Shashtri
260 ## - PUBLICATION, DISTRIBUTION, ETC. (IMPRINT)
Place of publication, distribution, etc इलाहाबाद
Name of publisher, distributor, etc साहित्य भवन
Date of publication, distribution, etc 1996
270 ## - ADDRESS
Address जीरो रोड
City इलाहाबाद
300 ## - PHYSICAL DESCRIPTION
Extent 271पृष्ठ.
Dimensions 20सेमी(सजिल्द)
650 ## - SUBJECT ADDED ENTRY--TOPICAL TERM
Topical term or geographic name as entry element पुस्तकालय विज्ञान
9 (RLIN) 95761
650 ## - SUBJECT ADDED ENTRY--TOPICAL TERM
Topical term or geographic name as entry element पुस्तकालय का महत्व
9 (RLIN) 4432
650 ## - SUBJECT ADDED ENTRY--TOPICAL TERM
Topical term or geographic name as entry element library Science
9 (RLIN) 95762
650 ## - SUBJECT ADDED ENTRY--TOPICAL TERM
Topical term or geographic name as entry element Importance of library
9 (RLIN) 95763
942 ## - ADDED ENTRY ELEMENTS (KOHA)
Source of classification or shelving scheme Dewey Decimal Classification
Koha item type Hindi Books
Classification part 020
Call number suffix द्वारका
Holdings
Withdrawn status Lost status Damaged status Not for loan Collection code Home library Current library Date acquired Source of acquisition Cost, normal purchase price Total Checkouts Full call number Barcode Date last seen Copy number Cost, replacement price Price effective from Koha item type
      Not For Loan Reference Central Library Central Library 03/10/2015 Cen Lib/Ret 100.00   020 द्वारका A-771671 03/10/2015 1 100.00 03/10/2015 Hindi Books

© Delhi Public Library
Hit Counter
free hit counter